=LDR 00000nam 2200000 4500 =001 INLIS000000000002271 =005 20130612090625 =008 ***********************************Ind** =035 ##$$0010-061300000002271 =041 ##$$a Ind =082 ##$$a 813.01 =090 ##$$a 813.01, Naw b =100 ##$$a Navis, A.A =245 ##$$a Hujan panas dan kabut musim, A.A. Navis =260 ##$$a 1990 $b Jakarta =300 ##$$a vii, 182 hlm, 18 cm =650 ##$$a Cerita pendek Indonesia =850 ##$$a NBPNMAT =990 ##$$a 0001/BPAP-NTB/2016